| 000 | 00924 a2200241 4500 | ||
|---|---|---|---|
| 020 | _a0070217785 | ||
| 020 | _a9780070217782 | ||
| 082 | 0 | 4 | _a657 |
| 090 |
_c2153 _d2153 |
||
| 100 | 1 | _aMcNair, Frances M. | |
| 245 | 1 | 0 |
_aFundamental financial accounting concepts / _cFrances M. McNair. |
| 250 | _a2nd ed. | ||
| 260 |
_a[S.l.] : _bMcgraw-Hill College, _c1998. |
||
| 300 |
_a665 p. ; _c26 cm. |
||
| 500 | _aHardcover. | ||
| 520 | _aThis introductory text in financial accounting covers basic concepts, multiple accounting cycles, all four financial statements and the uses of accounting information. | ||
| 700 | 1 | _aMilam, Edward E. | |
| 700 | 1 | _aOlds, Philip R. | |
| 700 | 1 | _aEdmonds, Thomas P. | |
| 856 | 4 | 0 |
_3Amazon.com _uhttp://www.amazon.com/exec/obidos/ASIN/0070217785/chopaconline-20 |
| 856 | 4 | 0 |
_3Amazon customer reviews _uhttp://www.chopac.org/cgi-bin/tools/azrev.pl?q=0070217785 |
| 942 |
_aNBS _cBK _k657 EDM |
||
| 999 |
_c344655 _d344655 |
||